000 00762nam a2200217 i 4500
001 184550
003 ES-MaACL
005 20250804054037.0
008 151022s1965 sp |||| | spa d
110 2 _aInstituto Catequístico Latinoamericano (Santiago de Chile)
_9157967
245 1 0 _aEncuentro de Dios con el hombre
_b: (Iniciacion completa al Cristianismo) /
_cAngelica Bufi [y otros].
260 _aBarcelona :
_bNova Terra,
_c1965.
300 _a302 p. :
_bil. ;
_c23 cm.
490 1 _aColeccion Andina ;
_v2
650 0 7 _aCristianismo
_2embne
_911425
650 0 7 _aVida cristiana
_2embne
_917790
700 1 _aBufi, Angelica.
_9157970
830 0 _aColeccion Andina ;
_v2
_9192172
852 _aES-MaACL
_jE-3475
999 _c184550
_d184550